U.K. Cities Ending in "N" - Statistics

General Stats
  • This quiz has been taken 564 times
  • The average score is 4 of 8
Answer Stats
Country City % Correct
England London, City of
84%
Scotland Aberdeen
83%
England Southampton
63%
England Lincoln
50%
England Preston
39%
England Wolverhampton
38%
Northern Ireland Lisburn
27%
England Ripon
18%
No matching quizzes found
Score Distribution
Percent of People with Each Score
Percentile by Number Answered
Your Score History
You have not taken this quiz